000 01185 a2200217 4500
001 53949
005 20260407155810.0
008 260407a2004 arg spa d
003 AR-UNSa-BCEJYS
040 _aAR-UNSa-BCEJYS
_bspa
_cAR-UNSa-BCEJYS
080 _a338.1
_xSituación económica. Ciclos. Desarrollo de la estructura económica
245 1 0 _aThe great unraveling
_pLosing our way in the new century
020 _a0-393-32605-5
264 1 _aNew York :
_bW.W. Norton & Company
_c2004
300 _axxxix, 516 p.
_c21 cm.
505 _a1. Irrational exuberance - 2. Portents abroad - 3. Greenspanomics - 4. Crony Capitalism. U.S.A. - 5. The bait... - 6. ...And the switch - 7. 2-1=4 - 8. Things pull apart - 9. The private interest - 10. Exploiting september - 11. A vast conspiracy? - 12. California screaming - 13. Smog and mirrors - 14. Foreing disasters - 15. Global schmobal - 16. Economics and economist - 17. War and terror - 18. Dollars and cents - 19. Abuses of power
942 _cBK
590 _aniveau_biblio:m niveau_hierar:0
100 1 _aKrugman, Paul R.
856 4 1 _uhttps://biblioeco.unsa.edu.ar/pmb/images/libros/L128487.jpg
_yImagen de portada
_qimage/jpeg
999 _c5294
_d5294